000
00299nam a2200109Ia 4500
008
200302s9999 xx 000 0 und d
100
_a
Dinah Hall
245
_a
Country and Modern Contemporary Interiors for Rural Settings
260
_b
Quadrille publishing Ltd.
260
_c
1998
300
_a
160 P.,
999
_c
2124
_d
2124